| 000 | 00991nam0a22002771 4500 | ||
|---|---|---|---|
| 001 | rc\794191 | ||
| 005 | 20250622134128.0 | ||
| 035 | _a(NLR Aleph) 006319167 | ||
| 090 |
_a7433480 _c7433480 |
||
| 100 | _a20040301d1983 |||y0rusy50 ca | ||
| 101 | 0 | _arus | |
| 102 | _aRU | ||
| 105 | _aa ||||||||| | ||
| 200 | 1 | _aТеоретико-игровой подход к моделированию экономических и государственных механизмов | |
| 210 |
_aМ. _cВЦАН СССР _d1983 |
||
| 215 |
_a45 с. _cграф. _d21 |
||
| 225 | 1 | _aСообщения по прикладной математике | |
| 300 | _aВ надзаг.: АН СССР, ВЦ | ||
| 320 | _aБиблиогр.: с. 44-45 | ||
| 700 | 1 |
_aЕрешко _bФ.И. _gФеликс Иванович |
|
| 701 | 1 |
_aМеденников _bВ.И. _gВиктор Иванович |
|
| 801 | 0 |
_aRU _bNLR _gpsbo |
|
| 801 | 1 |
_aRU _bELAR _2rusmarc |
|
| 852 |
_aNLR _j85-6/1298 |
||
| 942 | _cBOOK | ||
| 980 | _aNB | ||